Ca dao, tục ngữ, thành ngữ Tày - Nùng
Gồm 2 phần: Phần 1: Ca dao, tục ngữ dân tộc Tày; Phần 2 :Thành ngữ Tày-Nùng.
Sparad:
| Huvudupphovsman: | |
|---|---|
| Materialtyp: | Bok |
| Språk: | Undetermined |
| Publicerad: |
Hà Nội
Hội nhà văn
2018
|
| Ämnen: | |
| Taggar: |
Lägg till en tagg
Inga taggar, Lägg till första taggen!
|
| Thư viện lưu trữ: | Trung tâm Học liệu Trường Đại học Cần Thơ |
|---|
| LEADER | 00768nam a2200205Ia 4500 | ||
|---|---|---|---|
| 001 | CTU_236133 | ||
| 008 | 210402s9999 xx 000 0 und d | ||
| 082 | |a 398.809597 | ||
| 082 | |b T404 | ||
| 100 | |a Nông, Viết Toại | ||
| 245 | 0 | |a Ca dao, tục ngữ, thành ngữ Tày - Nùng | |
| 245 | 0 | |c Nông Viết Toại, Bế Ngọc Tượng, Lục Văn Pảo | |
| 260 | |a Hà Nội | ||
| 260 | |b Hội nhà văn | ||
| 260 | |c 2018 | ||
| 520 | |a Gồm 2 phần: Phần 1: Ca dao, tục ngữ dân tộc Tày; Phần 2 :Thành ngữ Tày-Nùng. | ||
| 650 | |a Thơ dân gian Việt Nam,Folk poetry, Vietnamese | ||
| 650 | |z Việt Nam | ||
| 910 | |b nthai | ||
| 980 | |a Trung tâm Học liệu Trường Đại học Cần Thơ | ||